'70s Sitcoms Quiz Stats

Quiz Updated Oct 18, 2015

Challenge
Share
Tweet
Score 0/24 Timer 05:00
6 Plays Today
Sitcom % Correct
Happy Days
94.1%
M*A*S*H
92.6%
The Brady Bunch
90.8%
All in the Family
90.5%
Mork and Mindy
90.4%
Three's Company
86.8%
The Partridge Family
85.9%
Sanford and Son
84.7%
The Jeffersons
84.5%
The Mary Tyler Moore Show
82.9%
The Odd Couple
82.1%
Laverne and Shirley
79.9%
Sitcom % Correct
Welcome Back Kotter
78.8%
Maude
78.4%
The Bob Newhart Show
77.5%
WKRP in Cincinnati
74.6%
Good Times
69.7%
Alice
68.9%
Barney Miller
66%
Soap
60.5%
Chico and the Man
59.5%
Rhoda
55.9%
One Day at a Time
54.9%
What's Happening
52.8%

You're not logged in!

Compare scores with friends on all Sporcle quizzes.
Sign Up with Email
OR
Log In

You Might Also Like...

Show Comments

Extras

Top Quizzes Today


Score Distribution

Your Account Isn't Verified!

In order to create a playlist on Sporcle, you need to verify the email address you used during registration. Go to your Sporcle Settings to finish the process.